450 bài tập trắc nghiệm hóa học THPT 10
v.v...
Đã lưu trong:
| Tác giả chính: | |
|---|---|
| Định dạng: | Sách |
| Năm xuất bản: |
H.
Đại học sư phạm
2006
|
| Chủ đề: | |
| Tags: |
Thêm thẻ
Không có thẻ, Hãy là người đầu tiên gắn thẻ bản ghi này!
|
| LEADER | 01043nam a2200205 4500 | ||
|---|---|---|---|
| 082 | |a 540.76 |b L250X | ||
| 100 | |a Lê Xuân Trọng | ||
| 245 | |a 450 bài tập trắc nghiệm hóa học THPT 10 |c Lê Xuân Trọng | ||
| 260 | |a H. |b Đại học sư phạm |c 2006 | ||
| 300 | |a 151 tr |c 24 cm | ||
| 520 | |a v.v... | ||
| 653 | |a Hóa học | ||
| 653 | |a Lớp 10 | ||
| 653 | |a Trắc nghiệm | ||
| 942 | |2 ddc |c STK0 | ||
| 999 | |c 7164 |d 7164 | ||
| 952 | |0 0 |1 0 |2 ddc |4 0 |6 540_760000000000000_L250X |7 0 |8 500 |9 66500 |a qbu |b qbu |c D3 |d 2015-01-28 |g 16000 |o 540.76 L250X |p 7090.c1 |r 0000-00-00 |w 2015-01-28 |y STK0 | ||
| 952 | |0 0 |1 0 |2 ddc |4 0 |6 540_760000000000000_L250X |7 0 |8 500 |9 66501 |a qbu |b qbu |c D3 |d 2015-01-28 |g 16000 |o 540.76 L250X |p 7090.c2 |r 0000-00-00 |w 2015-01-28 |y STK0 | ||
| 952 | |0 0 |1 0 |2 ddc |4 0 |6 540_760000000000000_L250X |7 0 |8 500 |9 66502 |a qbu |b qbu |c D3 |d 2015-01-28 |g 16000 |o 540.76 L250X |p 7090.c3 |r 0000-00-00 |w 2015-01-28 |y STK0 | ||
| 952 | |0 0 |1 0 |2 ddc |4 0 |6 540_760000000000000_L250X |7 0 |8 500 |9 66503 |a qbu |b qbu |c D3 |d 2015-01-28 |g 16000 |o 540.76 L250X |p 7090.c4 |r 0000-00-00 |w 2015-01-28 |y STK0 | ||